000 00734nam a22001817a 4500
999 _c14974
_d14974
003 OSt
082 _2631.3 ANI/DE
088 _aP 3
100 _aANITHA NAIR A
_aGANESAN V
_aSUSHAMA V
_aSWAPNAM S
_93893
245 _aDevelopment and fabrication of power operated groundnut decorticator cum separator
260 _aTavanur 1992
_bDepartment of Farm Power Machinery and Energy
300 _a32
500 _aDevelopment and fabrication of power operated groundnut decorticator cum separator
520 _aDevelopment and fabrication of power operated groundnut decorticator cum separator
700 _aEr. V.R Ramachandran (Guide)
_93894
856 _uhttps://drive.google.com/open?id=1lLsY1p2K4Hrq18KvxK8gj9nD9p461zu5
942 _cPR